00709cam a2200217 4500001001300000003000400013005001700017008004100034010002200075025002000097050000800117082001200125110003800137245008300175260009800258300001900356350001800375651003200393710004900425999001700474sa 68015864 DLC20260227112648.0700617s1968 ii 00000 eng  asa 68015864 //r88 aPL480:I-E-107390 aLAW a382.95410aIndia (Republic).kTreaties, etc.10aIndia's trade agreements with other countries, as in force on January 1, 1968.0 aNew Delhi,bDirectorate of Commercial Publicity, Ministry of Commerce, Govt. of Indiac[1968] a364 p.c25 cm. a6.00a($2.16) 0aIndiaxCommercial treaties.10aIndia.bDirectorate of Commercial Publicity. c86741d86741